000 00739nam a2200193 i 4500
001 185220
003 ES-MaACL
005 20230906222355.0
007 t|
008 160419s1913 fr ||||1| fre d
100 1 _aLibrairie Alphonse Picard & Fils.
_9221568
245 1 0 _aCatalogue des livres de fonds et en nombre de la Librairie Alphonse Picard & Fils
_b: [supplément au Catalogue de livres de fonds de la maison Alphonse Picard et Fils : 1910 - mars 1913].
260 _aParis :
_bAlphonse Picard & fils,
_c1913.
300 _a104 p. ;
_c22 cm.
610 2 _aLibrairie Alphonse Picard & Fils-
_vCatálogos.
_9159380
650 4 _aLibros-
_vCatálogos comerciales.
_9159004
852 _aES-MaACL
_j1513-F-6
999 _c185220
_d185220